000 01596nam0a22003371 4500
001 v19\rc\1847231
005 20260406163903.0
035 _a(NLR Aleph) 004943435
090 _a5805687
_c5805687
100 _a20251123 rusy50
101 0 _arus
102 _aRU
105 _ay z |||||
200 1 _aАрмянский пролог о свв. Борисе и Глебе
_fВ.Н. Бенешевич
210 _aСанкт-Петербург
_cтип. Имп. Акад. наук
_d1909
215 _a[2], 201-236 с.
_d26
311 _aОтт. из "Изв. Отд. рус. яз. и словесности Имп. Акад. наук", т. 14 (1909 г.), кн. 1
488 0 _12001#$aИзвестия Отделения русского языка и словесности Императорской Академии наук$v1909, т. 14, кн. 1
_tИзвестия Отделения русского языка и словесности Императорской Академии наук
700 1 _8rus
_7ca
_aБенешевич
_bВ. Н.
_f1874-1938
_gВладимир Николаевич
_3RU\NLR\AUTH\7722979
_96033
702 0 _aБорис
_cкн. Ростовский, св.
_f-1015
_4570
702 0 _45703100 L
_8rus
_7ca
_aБорис
_cкнязь ростовский
_f-1015
_3RU\NLR\AUTH\7710356
_9120134
801 0 _aRU
_bNLR
_gpsbo
801 0 _aRU
_bRuMoRGB
_2psbo
801 1 _aRU
_bProSoft-M
_2rusmarc
852 _aNLR
_j94/466
899 _aRuMoRGB
_jW 72/44
899 _aНБ СПбГУ
899 _aГПИБ
942 _cBOOK
980 _aNB